000 00306nam a22001457a 4500
008 230315b ||||| |||| 00| 0 eng d
020 _a9780979764257
041 _aeng
080 _a7
082 _a7CUR
100 _a21
101 _aART
245 _aTHE DOGWOOD THIEVES
_cCURRIN J
942 _2udc
_cBK
999 _c59359
_d59359